Retos y desafios del trabajo social en el siglo XXI

Detalles Bibliográficos
Autor principal: Pastor Seller, Enrique
Otros Autores: Cabello Garza, Martha Leticia
Formato: eBook
Lenguaje:español
Publicado: Madrid: Dykinson, 2018
Materias:
Acceso en línea:Acceso restringido

MARC

LEADER 00000nam a22000007a 4500
005 20190614122710.0
007 cr|||| ||||
008 190614s2018 es |||||s|||| 00||0 spa d
020 |a 978-84-1324-040-4 
035 |a 23779 
040 |a vLex 
090 |c 8899  |d 8899 
100 1 |a Pastor Seller, Enrique 
245 1 0 |a Retos y desafios del trabajo social en el siglo XXI  |h [Recurso electrn̤ico] /  |c Enrique Pastor Seller, Martha Leticia Cabello Garza 
256 |a Servicio en ln̕ea 
260 |a Madrid:  |b Dykinson,  |c 2018 
300 |a 1 recurso electrn̤ico 
506 1 |a Disponible solo en los productos indicados  |d vLex Global  |d vLex Global (Academic Edition, excluding Law Schools)  |d vLex Global (U.S. Academic Edition, Law Schools)  |d vLex Global (U.S. Academic Edition, excluding Law Schools)  |d vLex Global (Academic Edition, Law Schools) 
650 0 4 |a Derecho Pb︢lico y Administrativo  |z Espaą 
700 1 |a Cabello Garza, Martha Leticia 
740 0 |a vLex Libros (Servicio en ln̕ea) 
856 4 0 |u http://vlex.com/source/retos-desafios-trabajo-social-siglo-xxi-23779  |z Acceso restringido 
942 |c BOOK 
999 0 |a Public and Administrative Law